000 00253 a2200109 4500
001 32355
090 _c21733
_d21733
100 _aLoman, Earls
245 _aTurbomachinery; basic theory and applications, 2/e
250 _a2
260 _aN.Y
_bMarcel Dekker
_c1993
942 _aNUST-CAE
999 _c267428
_d267428